After Bathing At Baxter's (Rca Lsp-4545) (Record n. 101102)

Dettagli MARC
000 -LEADER
fixed length control field 02364njm a2200349Ia 4500
001 - CONTROL NUMBER
control field 20730
003 - CONTROL NUMBER IDENTIFIER
control field IT-RoPAU
005 - DATE AND TIME OF LATEST TRANSACTION
control field 20220918181138.0
008 - FIXED-LENGTH DATA ELEMENTS--GENERAL INFORMATION
fixed length control field 131025s9999 xx 000 0 und d
040 ## - CATALOGING SOURCE
Original cataloging agency IT-RoPAU
040 ## - CATALOGING SOURCE
Transcribing agency IT-RoPAU
999 ## - SYSTEM CONTROL NUMBERS (KOHA)
Koha Dewey Subclass [OBSOLETE] n.d.
100 ## - MAIN ENTRY--PERSONAL NAME
Relator term Autore musica
9 (RLIN) 2759
100 ## - MAIN ENTRY--PERSONAL NAME
Miscellaneous information Codice Autore Musica SPICS: 22919
9 (RLIN) 2760
245 ## - TITLE STATEMENT
Title After Bathing At Baxter's (Rca Lsp-4545)
250 ## - EDITION STATEMENT
Edition statement 1a ed.
260 ## - PUBLICATION, DISTRIBUTION, ETC. (IMPRINT)
Place of publication, distribution, etc. NEW YORK
260 ## - PUBLICATION, DISTRIBUTION, ETC. (IMPRINT)
Name of publisher, distributor, etc. RCA RECORDS
Date of publication, distribution, etc. 1967 [1a Ed.:1967 - Ed. Lingua Orig.: 1967]
300 ## - PHYSICAL DESCRIPTION
Extent DISCO
300 ## - PHYSICAL DESCRIPTION
Dimensions 4 minuti (Testo: 0 pag.)
500 ## - GENERAL NOTE
General note Musica rock
505 ## - FORMATTED CONTENTS NOTE
Formatted contents note The War Is Over: Wild Tyme [(Kantner Paul) (4:00)] - How suite It Is: Spare Chaynge [(Casady; Dryden; Kaukonen Jorma) (16:00)] - Shizoforest Love Suite: Two Heads [(Slick Grace) (4:00)] - Hymn To An Older Generation: Rejoyce [(Slick Grace) (4:00)] - Shizoforest Love Suite: Won't You Try [(Kantner Paul) (5:00)] - How Suite It Is: Watch Her Ride [(Kantner Paul) (4:00)] - Shizoforest Love Suite: Saturday Afternoon [(Kantner Paul) (5:00)] - Hymn To An Older Generation: the Last Wall of the Castle (Kaukonen Jorma) (3:00) - Streetmasse: the Ballad of You & me & Pooneil (5:00) - Streetmasse: a Small Package of Value Will Come To You, Shortly (2:00) - Streetmasse: Young Girl Sunday Blues (4:00) - The War Is Over: Martha (4:00)
650 ## - SUBJECT ADDED ENTRY--TOPICAL TERM
Topical term or geographic name as entry element ROCK [DISCHI]
Relator term Codice MATERIA SPICS: 9950
9 (RLIN) 1088
700 ## - ADDED ENTRY--PERSONAL NAME
Personal name AA.VV.
Miscellaneous information Codice autore musica SPICS: 22929
Relator term Autore musica
9 (RLIN) 2761
700 ## - ADDED ENTRY--PERSONAL NAME
Personal name Jefferson Airplane
Miscellaneous information Codice Interprete SPICS: 10959
Relator term Interprete
9 (RLIN) 2767
700 ## - ADDED ENTRY--PERSONAL NAME
Personal name Kantner Paul
Miscellaneous information Codice autore musica SPICS: 22919
Relator term Autore musica
Name of part/section of a work Streetmasse: the Ballad of You & me & Pooneil - Streetmasse: Young Girl Sunday Blues - The War Is Over: Martha
9 (RLIN) 2762
700 ## - ADDED ENTRY--PERSONAL NAME
Personal name Dryden
Miscellaneous information Codice autore musica SPICS: 22931
Relator term Autore musica
Name of part/section of a work Streetmasse: a Small Package of Value Will Come To You, Shortly
9 (RLIN) 2763
700 ## - ADDED ENTRY--PERSONAL NAME
Personal name Blackman
Miscellaneous information Codice autore SPICS: 22930
Relator term Autore
Name of part/section of a work Streetmasse: a Small Package of Value Will Come To You, Shortly
9 (RLIN) 2764
700 ## - ADDED ENTRY--PERSONAL NAME
Personal name Thompson Chester
Miscellaneous information Codice autore testo/musica SPICS: 20798
Relator term Autore testo/musica
Name of part/section of a work Streetmasse: a Small Package of Value Will Come To You, Shortly
9 (RLIN) 2765
700 ## - ADDED ENTRY--PERSONAL NAME
Personal name Balin
Miscellaneous information Codice autore musica SPICS: 22928
Relator term Autore musica
Name of part/section of a work Streetmasse: Young Girl Sunday Blues
9 (RLIN) 2766
942 ## - ADDED ENTRY ELEMENTS (KOHA)
Koha item type DISCHI
Source of classification or shelving scheme Dewey Decimal Classification
Dati di copia
Withdrawn status Lost status Damaged status Not for loan Home library Current library Date acquired Total Checkouts Full call number Date last seen Price effective from Koha item type Public note
    Buone Condizioni Not For Loan SPICS-MEDIATECA SPICS-MEDIATECA 25/10/2013   20730 25/10/2013 25/10/2013 DISCHI Progr. Ins.: 3 / N.Vol.: n.d. / Copie: 1 - Copia rara: n.d. / date import: 01.01.2014 - By Epidotti, Trombetti, Vaglietti
CREDITS: SOCIETA' SAN PAOLO Via A.Severo, 58 - ROMA (RM) & PERIODICI SAN PAOLO SRL Via Giotto, 36 MILANO & CISF Via Giotto, 36 MILANO & EDIZIONI SAN PAOLO SRL,  Piazza Soncino, 5 CINISELLO BALSAMO (MI) -- ITALY